[Event "Det Ã¥pne NM 2013 Gruppe A"]
[Site "Quality Hotel & Resort Fagerne"]
[Date "2013.03.24"]
[Round "6"]
[White "Tari, Aryan"]
[Black "Lie, Espen"]
[Result "1/2-1/2"]
[WhiteElo "2293"]
[BlackElo "2471"]
[PlyCount "22"]
[EventDate "2013.??.??"]

1. e4 Nf6 2. e5 Nd5 3. d4 d6 4. Nf3 dxe5 5. Nxe5 c6 6. Be2 g6 7. O-O Bg7 8. c4
Nb6 9. Nc3 O-O 10. Be3 N8d7 11. Nxd7 Bxd7 1/2-1/2

[Event "Det Ã¥pne NM 2013 Gruppe A"]
[Site "Quality Hotel & Resort Fagerne"]
[Date "2013.03.24"]
[Round "6"]
[White "Takle, Dan"]
[Black "Arvola, Benjamin"]
[Result "0-1"]
[WhiteElo "2181"]
[BlackElo "2355"]
[PlyCount "52"]
[EventDate "2013.??.??"]

1. e4 e6 2. d4 d5 3. Nc3 Bb4 4. exd5 Qxd5 5. Nf3 b6 6. Be2 Bb7 7. O-O Bxc3 8.
bxc3 Nf6 9. c4 Qd6 10. Re1 Nbd7 11. Qd3 Ng4 12. g3 h5 13. Bf4 Qc6 14. d5 Qc5
15. Nd4 O-O-O 16. Bxg4 hxg4 17. Nb3 Qb4 18. Bd2 Qd6 19. Nd4 exd5 20. Nf5 Qc5
21. cxd5 Rxh2 22. Kxh2 Qxf2+ 23. Kh1 Nc5 24. Re2 Nxd3 25. Rxf2 Nxf2+ 26. Kg1
Ne4 0-1

[Event "Det Ã¥pne NM 2013 Gruppe A"]
[Site "Quality Hotel & Resort Fagerne"]
[Date "2013.03.28"]
[Round "6"]
[White "Haug, Johannes"]
[Black "Holm, Kristian Stuvik"]
[Result "1/2-1/2"]
[WhiteElo "1990"]
[BlackElo "2310"]
[PlyCount "51"]
[EventDate "2013.??.??"]

1. e4 e6 2. d4 d5 3. e5 c5 4. c3 Nc6 5. Nf3 Nge7 6. a3 Nf5 7. b4 cxd4 8. cxd4
Bd7 9. Be2 Be7 10. O-O O-O 11. Bb2 f6 12. Nbd2 Nh6 13. exf6 Bxf6 14. Ne5 Bxe5
15. dxe5 Nf5 16. Nb3 Nce7 17. Nc5 b6 18. Nxd7 Qxd7 19. Qd3 Ng6 20. f4 Rac8 21.
g3 Rc7 22. Rac1 Rxc1 23. Rxc1 Rc8 24. Rxc8+ Qxc8 25. Kf2 Nge7 26. Qc3 1/2-1/2

[Event "Det Ã¥pne NM 2013 Gruppe A"]
[Site "Quality Hotel & Resort Fagerne"]
[Date "2013.03.28"]
[Round "6"]
[White "Kristiansen, Willy"]
[Black "Byklum, BjÃ¸rnar"]
[Result "0-1"]
[WhiteElo "2011"]
[BlackElo "2296"]
[PlyCount "80"]
[EventDate "2013.??.??"]

1. Nf3 Nf6 2. c4 e6 3. g3 a6 4. Bg2 b5 5. b3 Bb7 6. O-O c5 7. d4 cxd4 8. cxb5
axb5 9. Nxd4 Bxg2 10. Kxg2 b4 11. a4 Bc5 12. Nb5 d5 13. Bf4 Na6 14. Nd2 O-O 15.
Nf3 Ne4 16. Be5 f6 17. Bb2 e5 18. Nd2 Nxd2 19. Qxd2 d4 20. f3 Qd5 21. Qd3 Be7
22. Qd1 Rfc8 23. Rb1 Rc5 24. Qd3 Rcc8 25. Qd1 Qc6 26. Rc1 Qe6 27. Rb1 Rc5 28.
Qd3 Rac8 29. Rfd1 Rd8 30. Ba1 h5 31. h4 f5 32. Qd2 Bf6 33. f4 exf4 34. gxf4
Qe4+ 35. Kh3 Rc2 36. Qd3 Qxf4 37. Qxc2 Qg4+ 38. Kh2 Be5+ 39. Kh1 Qh3+ 40. Kg1
Bh2+ 0-1

[Event "Det Ã¥pne NM 2013 Gruppe A"]
[Site "Quality Hotel & Resort Fagerne"]
[Date "2013.03.28"]
[Round "6"]
[White "Machlik, Monika"]
[Black "Haugli, Petter"]
[Result "0-1"]
[WhiteElo "1750"]
[BlackElo "2293"]
[PlyCount "78"]
[EventDate "2013.??.??"]

1. d4 Nf6 2. c4 g6 3. Nc3 Bg7 4. e4 d6 5. f4 O-O 6. Nf3 c5 7. d5 e6 8. Be2 exd5
9. cxd5 Re8 10. e5 dxe5 11. fxe5 Ng4 12. Bg5 Qb6 13. O-O Nxe5 14. d6 Qxb2 15.
Nd5 Nxf3+ 16. Bxf3 Bd4+ 17. Kh1 Qxa1 18. Qxa1 Bxa1 19. Rxa1 Nd7 20. Nc7 Re5 21.
Nxa8 Rxg5 22. Nc7 Kg7 23. Nb5 Ne5 24. Nxa7 Nxf3 25. Nxc8 Nd4 26. Nb6 Re5 27. d7
Ne6 28. Rd1 Nd8 29. g4 Kf6 30. Kg1 Ke6 31. Kf2 Re4 32. Rd5 Rb4 33. Rxc5 Rxb6
34. a4 Rb4 35. Kf3 Kxd7 36. Rd5+ Ke7 37. Re5+ Ne6 38. Re3 Rb3 39. Rxb3 Nd4+ 0-1

[Event "Det Ã¥pne NM 2013 Gruppe A"]
[Site "Quality Hotel & Resort Fagerne"]
[Date "2013.03.28"]
[Round "6"]
[White "Lien, Kjell HÃ¥kon"]
[Black "Dolzhikova, Olga"]
[Result "0-1"]
[WhiteElo "1905"]
[BlackElo "2270"]
[PlyCount "68"]
[EventDate "2013.??.??"]

1. e4 e5 2. Nf3 Nc6 3. Bc4 Bc5 4. Qe2 d6 5. h3 Nf6 6. d3 Be6 7. Bb3 Ne7 8. Nc3
c6 9. Be3 Bb4 10. Bd2 Ng6 11. Bxe6 fxe6 12. d4 Bxc3 13. bxc3 d5 14. exd5 e4 15.
Ne5 exd5 16. Nxg6 hxg6 17. Rb1 b5 18. Bg5 Qa5 19. O-O Qxc3 20. Bxf6 gxf6 21.
Qg4 Ke7 22. Qf4 Rac8 23. f3 Qxd4+ 24. Kh1 Qe5 25. Qxe5+ fxe5 26. fxe4 d4 27.
Rb3 Rhf8 28. Rbf3 a5 29. Kh2 b4 30. Kg3 c5 31. Kg4 c4 32. Rb1 Rxf3 33. Kxf3
Rf8+ 34. Kg4 Rf2 0-1

[Event "Det Ã¥pne NM 2013 Gruppe A"]
[Site "Quality Hotel & Resort Fagerne"]
[Date "2013.03.28"]
[Round "6"]
[White "Astrup, Kim Chr"]
[Black "Ã˜stby, Martin BergsjÃ¸"]
[Result "1/2-1/2"]
[WhiteElo "2256"]
[BlackElo "1868"]
[PlyCount "146"]
[EventDate "2013.??.??"]

1. Nf3 Nf6 2. c4 e6 3. g3 d5 4. Bg2 c5 5. cxd5 exd5 6. d4 Nc6 7. O-O Be6 8. Nc3
Be7 9. dxc5 Bxc5 10. Bg5 Be7 11. Rc1 O-O 12. Nd4 Nxd4 13. Qxd4 h6 14. Be3 Qd7
15. Rfd1 Rfd8 16. Qa4 Qxa4 17. Nxa4 Rac8 18. Nc5 b6 19. Nb3 Ne4 20. Nd4 Bc5 21.
f3 Ng5 22. h4 Nh7 23. Kf2 Nf6 24. Bf1 Nd7 25. b3 Ne5 26. Rc3 Bxd4 27. Bxd4 Rxc3
28. Bxc3 Ng6 29. Bb2 Rc8 30. Rc1 Rxc1 31. Bxc1 Ne5 32. Ke3 f6 33. Bb2 Kf7 34.
Bd4 Ke7 35. Kd2 Kd6 36. Kc3 h5 37. Bg2 Bf5 38. Be3 Kc6 39. Kd4 Kd6 40. Bf4 Bb1
41. a3 Bc2 42. Kc3 Bd1 43. Bf1 d4+ 44. Kxd4 Bxb3 45. Bh3 Bd1 46. Bf1 Bb3 47. g4
hxg4 48. fxg4 Be6 49. g5 Bg4 50. gxf6 gxf6 51. e4 Ke6 52. Ba6 Nf3+ 53. Kc4 Kd7
54. Bb5+ Ke6 55. Bb8 Nxh4 56. Bxa7 f5 57. Bxb6 fxe4 58. Kd4 Nf5+ 59. Kc3 e3 60.
Bc6 Kd6 61. Be4 e2 62. Kd2 Nh4 63. Bb7 Bf3 64. Bxf3 Nxf3+ 65. Kxe2 Kc6 66. Bd8
Ne5 67. a4 Kc5 68. Be7+ Kb6 69. Bb4 Ka6 70. Ke3 Nc4+ 71. Kd4 Nb2 72. a5 Kb5 73.
Kd5 Nc4 1/2-1/2

[Event "Det Ã¥pne NM 2013 Gruppe A"]
[Site "Quality Hotel & Resort Fagerne"]
[Date "2013.03.24"]
[Round "6"]
[White "Laverton, Christian"]
[Black "Jacobsen, Fredrik Beer"]
[Result "1-0"]
[WhiteElo "2096"]
[BlackElo "1910"]
[PlyCount "53"]
[EventDate "2013.??.??"]

1. d4 Nf6 2. c4 g6 3. Nc3 Bg7 4. e4 d6 5. Nf3 O-O 6. Be2 c5 7. d5 e6 8. O-O
exd5 9. cxd5 Re8 10. Nd2 Bd7 11. a4 h5 12. f3 Na6 13. Nc4 Qb8 14. Bf4 Re5 15.
Nxe5 dxe5 16. Be3 Qc8 17. Bb5 Ne8 18. Qe2 Nb8 19. Rfc1 a6 20. Bxd7 Nxd7 21. a5
Qc7 22. Na4 Qxa5 23. Nxc5 Qc7 24. b4 Nxc5 25. bxc5 Bf8 26. Qb2 Rb8 27. Rab1 1-0

[Event "Det Ã¥pne NM 2013 Gruppe A"]
[Site "Quality Hotel & Resort Fagerne"]
[Date "2013.03.24"]
[Round "6"]
[White "SÃ¦tre, Roger"]
[Black "Taksrud, Vidar"]
[Result "0-1"]
[WhiteElo "1847"]
[BlackElo "2089"]
[PlyCount "52"]
[EventDate "2013.??.??"]

1. e4 c5 2. Nc3 Nc6 3. g3 g6 4. Bg2 Bg7 5. d3 d6 6. f4 Nh6 7. Nf3 O-O 8. O-O f5
9. Re1 e5 10. Nd5 Nf7 11. c3 b5 12. Be3 Rb8 13. fxe5 Ncxe5 14. Nxe5 Nxe5 15. d4
Ng4 16. Bf4 Rb7 17. dxc5 dxc5 18. exf5 gxf5 19. h3 Nh6 20. Qe2 Rd7 21. Rad1 c4
22. Qe6+ Nf7 23. Bg5 Qxg5 24. h4 Qd8 25. Qxf5 Ne5 26. Qe6+ Rdf7 0-1

[Event "Det Ã¥pne NM 2013 Gruppe A"]
[Site "Quality Hotel & Resort Fagerne"]
[Date "2013.03.24"]
[Round "6"]
[White "Svensen, Tarjei Joten"]
[Black "SjÃ¸l, Henrik"]
[Result "1-0"]
[WhiteElo "2085"]
[BlackElo "1855"]
[PlyCount "59"]
[EventDate "2013.??.??"]

1. Nf3 c5 2. g3 Nf6 3. Bg2 Nc6 4. c4 g6 5. O-O Bg7 6. Nc3 O-O 7. d3 d5 8. cxd5
Nxd5 9. Ng5 Nxc3 10. bxc3 Bxc3 11. Rb1 Qa5 12. Ne4 Bg7 13. Bd2 Qc7 14. Nxc5 b6
15. Qa4 Bf5 16. Na6 Qe5 17. Bxc6 Qxe2 18. Bb4 Bxd3 19. Rfe1 Qh5 20. Bxe7 Rac8
21. Bxf8 Bxf8 22. Bb7 Rc4 23. Qd7 Bf5 24. Qd5 Rc2 25. Rbc1 Rb2 26. Re8 Qh6 27.
Rce1 Rd2 28. Qe5 Rd7 29. Bc8 Rd2 30. Bxf5 1-0

[Event "Det Ã¥pne NM 2013 Gruppe A"]
[Site "Quality Hotel & Resort Fagerne"]
[Date "2013.03.24"]
[Round "6"]
[White "Dahl, Trygve"]
[Black "LÃ¸berg, Jo Kristian"]
[Result "1/2-1/2"]
[WhiteElo "1750"]
[BlackElo "2056"]
[PlyCount "46"]
[EventDate "2013.??.??"]

1. d4 d5 2. Bg5 h6 3. Bh4 c6 4. e3 Qb6 5. Qc1 Bf5 6. Nf3 e6 7. Be2 Nd7 8. Nbd2
Ngf6 9. O-O Be7 10. Bg3 O-O 11. c4 Ne4 12. Nxe4 Bxe4 13. c5 Qd8 14. Qd1 b6 15.
b4 a5 16. b5 Qc8 17. cxb6 c5 18. dxc5 Bxc5 19. a4 Qb7 20. Nd2 Bg6 21. Nb3 Bxb6
22. Bd3 Bxd3 23. Qxd3 Nc5 1/2-1/2

[Event "Det Ã¥pne NM 2013 Gruppe A"]
[Site "Quality Hotel & Resort Fagerne"]
[Date "2013.03.24"]
[Round "6"]
[White "GrundekjÃ¸n, Christian"]
[Black "SundsbÃ¸, Sigve"]
[Result "1-0"]
[WhiteElo "1985"]
[BlackElo "1696"]
[PlyCount "57"]
[EventDate "2013.??.??"]

1. b3 e6 2. Bb2 Nf6 3. f4 b6 4. Nf3 Bb7 5. d3 d5 6. g3 Be7 7. Bg2 O-O 8. O-O
Nbd7 9. Re1 c5 10. Nbd2 d4 11. a4 Nd5 12. Nc4 N7f6 13. Nfe5 Qc7 14. Qd2 a6 15.
e4 dxe3 16. Nxe3 Nxe3 17. Rxe3 Bxg2 18. Qxg2 Nd5 19. Re2 Bf6 20. Rf1 Ne7 21.
Qe4 Qd6 22. Nc4 Qc7 23. Bxf6 gxf6 24. Ne3 Qc6 25. Ng4 f5 26. Nf6+ Kg7 27. Qe5
Kg6 28. g4 Kh6 29. h4 1-0

[Event "Det Ã¥pne NM 2013 Gruppe A"]
[Site "Quality Hotel & Resort Fagerne"]
[Date "2013.03.24"]
[Round "6"]
[White "Rygg, Snorre"]
[Black "Moradi, Kimia"]
[Result "1-0"]
[WhiteElo "1827"]
[BlackElo "1935"]
[PlyCount "49"]
[EventDate "2013.??.??"]

1. c4 e5 2. Nc3 Nf6 3. g3 d5 4. cxd5 Nxd5 5. Bg2 Nb6 6. Nf3 Nc6 7. O-O Be7 8.
d3 O-O 9. a3 Be6 10. b4 a6 11. Bd2 f6 12. Na4 Nxa4 13. Qxa4 Qd7 14. Rfc1 Bd5
15. Be3 f5 16. Nxe5 Qe6 17. Nxc6 bxc6 18. Bxd5 cxd5 19. Rxc7 Qe5 20. Rac1 Rad8
21. d4 Qe4 22. Qc2 Qe6 23. Rc6 Qd7 24. Rxa6 Bd6 25. Bf4 1-0

[Event "Det Ã¥pne NM 2013 Gruppe A"]
[Site "Quality Hotel & Resort Fagerne"]
[Date "2013.03.24"]
[Round "6"]
[White "LÃ¸bersli, Henrik Ã˜ie"]
[Black "Lindblom, Roar"]
[Result "0-1"]
[WhiteElo "1805"]
[BlackElo "1884"]
[PlyCount "46"]
[EventDate "2013.??.??"]

1. d4 d5 2. c4 c6 3. Nf3 Nf6 4. e3 g6 5. Nc3 Bg7 6. Be2 O-O 7. O-O Nbd7 8. b3
Re8 9. Bb2 e6 10. Qc2 b6 11. e4 Nxe4 12. Nxe4 dxe4 13. Qxe4 Bb7 14. Rfd1 Qc7
15. Qc2 Rad8 16. Ne1 e5 17. dxe5 Nxe5 18. c5 Bc8 19. b4 Bf5 20. Qb3 bxc5 21.
Rxd8 Rxd8 22. Nf3 Nxf3+ 23. Bxf3 Rd3 0-1

[Event "Det Ã¥pne NM 2013 Gruppe A"]
[Site "Quality Hotel & Resort Fagerne"]
[Date "2013.03.24"]
[Round "6"]
[White "Machlik, Edit"]
[Black "NordstrÃ¸m, HÃ¥kon N"]
[Result "1-0"]
[WhiteElo "1760"]
[BlackElo "1835"]
[PlyCount "47"]
[EventDate "2013.??.??"]

1. d4 f5 2. c4 e6 3. Nf3 c6 4. Bf4 Nf6 5. e3 Be7 6. Nc3 d5 7. Bd3 Nbd7 8. Qc2
Nh5 9. Be5 Nxe5 10. Nxe5 O-O 11. g4 dxc4 12. Bxc4 fxg4 13. O-O-O Bh4 14. Rdf1
c5 15. dxc5 Qg5 16. Nd3 Bd7 17. Ne4 Qh6 18. Rhg1 Bg5 19. Kb1 Rae8 20. Ne5 Bc6
21. Nxg4 Qg6 22. Bd3 Bxe4 23. Bxe4 Qf7 24. Bxh7+ 1-0

[Event "Det Ã¥pne NM 2013 Gruppe A"]
[Site "Quality Hotel & Resort Fagerne"]
[Date "2013.03.24"]
[Round "7"]
[White "Agdestein, Simen"]
[Black "Hammer, Jon Ludvig"]
[Result "1-0"]
[WhiteElo "2555"]
[BlackElo "2629"]
[PlyCount "159"]
[EventDate "2013.??.??"]

1. d4 Nf6 2. c4 g6 3. Nc3 d5 4. Bg5 Bg7 5. Bxf6 Bxf6 6. cxd5 c5 7. dxc5 Nd7 8.
e4 Nxc5 9. Bb5+ Kf8 10. Nf3 Bg4 11. O-O Qb6 12. Rb1 Nxe4 13. Nxe4 Qxb5 14. Nxf6
exf6 15. Qd4 Bxf3 16. Qxf6 Kg8 17. Qxf3 Rd8 18. Rfd1 Kg7 19. Qc3+ f6 20. d6
Rhe8 21. Rd2 Rd7 22. h3 Qe5 23. Qc2 Qe4 24. Rd3 Qb4 25. a3 Qb6 26. Rbd1 Qb5 27.
b4 a6 28. Rd5 Qe2 29. Qa4 Red8 30. Qb3 Rc8 31. R5d2 Qe5 32. Qf3 Rc6 33. Rd5 Qe6
34. Qd3 b5 35. Kf1 f5 36. Kg1 Qf6 37. Rd4 Qe6 38. Rd5 Qf6 39. Rd4 Qe6 40. Qd2
Qf6 41. Qf4 Qe6 42. Kh2 Qf6 43. R1d3 h5 44. Rd5 Qe6 45. Qd2 Qf6 46. R3d4 Kh7
47. g3 Kg7 48. Kg2 Qe6 49. Rd3 Qf6 50. Qf4 Qe6 51. Qd4+ Qf6 52. Kf3 Qxd4 53.
R5xd4 Kf6 54. Ke3 Rb6 55. f3 Rc6 56. g4 hxg4 57. hxg4 Rc1 58. Rd5 fxg4 59. fxg4
Ke6 60. Kf4 Kf6 61. g5+ Ke6 62. Re5+ Kf7 63. Ke4 Rc6 64. Rf3+ Kg7 65. Re7+
Rxe7+ 66. dxe7 Re6+ 67. Kd5 Rxe7 68. Rf6 Ra7 69. Kc5 Ra8 70. Kb6 Re8 71. Kxa6
Re5 72. Rb6 Rxg5 73. Rxb5 Rg4 74. a4 g5 75. a5 Kf6 76. Rb8 Kf7 77. Kb5 Rg1 78.
a6 Ra1 79. Kb6 g4 80. a7 1-0

[Event "Det Ã¥pne NM 2013 Gruppe A"]
[Site "Quality Hotel & Resort Fagerne"]
[Date "2013.03.24"]
[Round "7"]
[White "Turov, Maxim"]
[Black "Rozentalis, Eduardas"]
[Result "1/2-1/2"]
[WhiteElo "2599"]
[BlackElo "2616"]
[PlyCount "49"]
[EventDate "2013.??.??"]

1. c4 Nf6 2. Nc3 e6 3. e4 c5 4. e5 Ng8 5. Nf3 Nc6 6. d4 cxd4 7. Nxd4 Nxe5 8.
Ndb5 f6 9. Be3 a6 10. Nd6+ Bxd6 11. Qxd6 Ne7 12. Bb6 Nf5 13. Qb4 Nc6 14. Qc5 d6
15. Bxd8 dxc5 16. Bb6 Bd7 17. Bxc5 Rc8 18. Ne4 Ne5 19. b4 Kf7 20. f4 Bc6 21.
Ng3 Ng6 22. Nxf5 exf5 23. Be3 Rhe8 24. Kf2 Rc7 25. Rg1 1/2-1/2

[Event "Det Ã¥pne NM 2013 Gruppe A"]
[Site "Quality Hotel & Resort Fagerne"]
[Date "2013.03.24"]
[Round "7"]
[White "Ninov, Nikolai"]
[Black "Volkov, Sergey"]
[Result "0-1"]
[WhiteElo "2508"]
[BlackElo "2593"]
[PlyCount "116"]
[EventDate "2013.??.??"]

1. e4 e6 2. d4 d5 3. Nc3 Nf6 4. Bg5 Bb4 5. exd5 Qxd5 6. Bxf6 Bxc3+ 7. bxc3 gxf6
8. Qd2 Qa5 9. Bd3 Bd7 10. Ne2 Bc6 11. Nf4 Nd7 12. c4 Qxd2+ 13. Kxd2 e5 14. Nd5
Bxd5 15. cxd5 O-O-O 16. Ke3 Nb6 17. c4 c6 18. dxe5 Rhe8 19. Kf3 Rxe5 20. Rae1
h6 21. Rxe5 fxe5 22. Re1 f6 23. Bf5+ Kc7 24. dxc6 bxc6 25. c5 Nc4 26. Rc1 Na3
27. Ke3 Nb5 28. Bd3 Nd4 29. Rc4 Rb8 30. Ra4 Rb7 31. f4 Ne6 32. fxe5 Nxc5 33.
Rh4 fxe5 34. Rxh6 Rb2 35. Be4 Nxe4 36. Kxe4 Rxg2 37. Kxe5 Rxa2 38. Kd4 Kb6 39.
Kc3 a5 40. h4 Kb5 41. Rh8 Ra3+ 42. Kb2 Rh3 43. h5 Kb4 44. Rb8+ Kc4 45. Rh8 Rh2+
46. Ka3 c5 47. h6 Kc3 48. h7 c4 49. Ka4 Rh5 50. Ka3 Rh4 51. Ka4 Kc2 52. Ka3 Rh1
53. Ka4 c3 54. Rg8 Rxh7 55. Ka3 Rh1 56. Ka2 Kc1 57. Kb3 c2 58. Rg2 Kb1 0-1

[Event "Det Ã¥pne NM 2013 Gruppe A"]
[Site "Quality Hotel & Resort Fagerne"]
[Date "2013.03.24"]
[Round "7"]
[White "Kveinys, Aloyzas"]
[Black "Drazic, Sinisa"]
[Result "1/2-1/2"]
[WhiteElo "2528"]
[BlackElo "2459"]
[PlyCount "35"]
[EventDate "2013.??.??"]

1. d4 d5 2. Nf3 Nf6 3. c4 dxc4 4. e3 Be6 5. Na3 Bd5 6. Nxc4 e6 7. Be2 Nbd7 8.
O-O c5 9. b3 Be7 10. Bb2 O-O 11. Rc1 Rc8 12. Rc2 a6 13. dxc5 Nxc5 14. Qa1 Ncd7
15. Rfc1 h6 16. Bc3 Qc7 17. Ba5 Qb8 18. Ncd2 1/2-1/2

[Event "Det Ã¥pne NM 2013 Gruppe A"]
[Site "Quality Hotel & Resort Fagerne"]
[Date "2013.03.24"]
[Round "7"]
[White "Arvola, Benjamin"]
[Black "Pap, Misa"]
[Result "1-0"]
[WhiteElo "2355"]
[BlackElo "2511"]
[PlyCount "91"]
[EventDate "2013.??.??"]

1. e4 c5 2. c3 d5 3. exd5 Qxd5 4. d4 Nc6 5. Nf3 Bg4 6. dxc5 Qxd1+ 7. Kxd1 Nf6
8. Nbd2 e5 9. b4 a5 10. b5 Nd8 11. Be2 Nd5 12. Bb2 f6 13. h3 Bf5 14. g4 Bg6 15.
Nh4 Bxc5 16. Bf3 Nf4 17. Ne4 Bxe4 18. Bxe4 Bxf2 19. Nf5 O-O 20. Ba3 Rf7 21. Kc2
Rc7 22. Rad1 Nde6 23. Bd6 Rd7 24. Be7 Rc7 25. Bd6 Rac8 26. Kb2 Nc5 27. Bxc7
Rxc7 28. Bc2 g6 29. b6 Rd7 30. Bb3+ Nxb3 31. Nh6+ Kf8 32. Rxd7 Nc5 33. Rxh7 Bh4
34. Nf7 Kg8 35. Rxh4 Kxf7 36. Rh7+ Ke6 37. h4 e4 38. h5 gxh5 39. gxh5 e3 40. h6
e2 41. Rh8 Kf7 42. h7 Ncd3+ 43. Ka3 Ng6 44. Rg8 e1=Q 45. Rxe1 Nxe1 46. Rxg6 1-0

[Event "Det Ã¥pne NM 2013 Gruppe A"]
[Site "Quality Hotel & Resort Fagerne"]
[Date "2013.03.24"]
[Round "7"]
[White "Elsness, Frode"]
[Black "Salomon, Johan"]
[Result "1-0"]
[WhiteElo "2483"]
[BlackElo "2115"]
[PlyCount "113"]
[EventDate "2013.??.??"]

1. d4 Nf6 2. c4 e6 3. Nc3 Bb4 4. e3 c5 5. Bd3 Nc6 6. Nf3 Bxc3+ 7. bxc3 d6 8.
O-O e5 9. Nd2 O-O 10. Qc2 Re8 11. d5 Ne7 12. f4 exf4 13. exf4 g6 14. f5 Nxf5
15. Ne4 Nxe4 16. Bxe4 Qh4 17. Bd3 Ne3 18. Bxe3 Rxe3 19. Qd2 Re5 20. Rf4 Qe7 21.
Raf1 f5 22. g4 g5 23. R4f3 f4 24. Rh3 Re3 25. Rxe3 Qxe3+ 26. Qxe3 fxe3 27. h3
Kg7 28. Rf3 Bd7 29. Bxh7 Kxh7 30. Rf7+ Kg8 31. Rxd7 Rf8 32. Re7 Rf3 33. Kg2
Rf2+ 34. Kg3 Rxa2 35. Rxe3 Rc2 36. h4 a5 37. hxg5 a4 38. Re7 a3 39. Rxb7 Rxc3+
40. Kh4 Rxc4 41. Ra7 Rb4 42. Kh5 c4 43. Kg6 Rb8 44. Rxa3 Rc8 45. Rc3 Rc7 46.
Kf6 Rf7+ 47. Ke6 Rf4 48. Kxd6 Rxg4 49. Kc7 Rxg5 50. d6 Rc5+ 51. Kb6 Rd5 52. Kc6
Rd4 53. d7 Kf7 54. Kc7 Ke6 55. Re3+ Kf5 56. d8=Q Rxd8 57. Kxd8 1-0

[Event "Det Ã¥pne NM 2013 Gruppe A"]
[Site "Quality Hotel & Resort Fagerne"]
[Date "2013.03.24"]
[Round "7"]
[White "Johansen, Stian"]
[Black "Lie, Espen"]
[Result "1/2-1/2"]
[WhiteElo "2098"]
[BlackElo "2471"]
[PlyCount "70"]
[EventDate "2013.??.??"]

1. d4 d5 2. c4 e6 3. Nc3 c5 4. cxd5 exd5 5. Nf3 Nc6 6. g3 Nf6 7. Bg2 Be7 8. O-O
O-O 9. Bf4 c4 10. Ne5 Qa5 11. Qd2 Bb4 12. a3 Bxc3 13. bxc3 Bf5 14. Nxc6 bxc6
15. f3 Rfe8 16. Rfe1 Bg6 17. a4 Qd8 18. a5 Nh5 19. e4 Nxf4 20. gxf4 f5 21. e5
Bf7 22. Reb1 Be6 23. Qc1 Qe7 24. Rb2 Rac8 25. Rab1 Rc7 26. Rb8 Bc8 27. Bf1 Kf7
28. Be2 Ba6 29. Qc2 g6 30. Qb2 Bb5 31. Rxe8 Kxe8 32. Qb4 Qxb4 33. Rxb4 Kd8 34.
Kf2 Kc8 35. Ke3 Kb7 1/2-1/2

[Event "Det Ã¥pne NM 2013 Gruppe A"]
[Site "Quality Hotel & Resort Fagerne"]
[Date "2013.03.24"]
[Round "7"]
[White "Urkedal, Frode Olav Olsen"]
[Black "Tari, Aryan"]
[Result "0-1"]
[WhiteElo "2470"]
[BlackElo "2293"]
[PlyCount "68"]
[EventDate "2013.??.??"]

1. d4 Nf6 2. c4 e6 3. Nc3 Bb4 4. e3 O-O 5. Bd3 c5 6. Nf3 d5 7. O-O dxc4 8. Bxc4
b6 9. Qe2 Bb7 10. a3 Bxc3 11. bxc3 Qc7 12. Bb2 Nbd7 13. Bd3 e5 14. Nxe5 Nxe5
15. dxe5 Qxe5 16. c4 Qe6 17. Rfe1 Rfe8 18. f3 Nd7 19. Qc2 g6 20. e4 Ne5 21. Qc3
f6 22. Bf1 Kg7 23. Rad1 Rad8 24. f4 Rxd1 25. Rxd1 Qg4 26. fxe5 Qxd1 27. exf6+
Kf7 28. Qh3 h5 29. e5 Ba6 30. Kf2 Bc8 31. Qc3 Rd8 32. Be2 Rd2 33. e6+ Bxe6 34.
Qe5 Qc2 0-1

[Event "Det Ã¥pne NM 2013 Gruppe A"]
[Site "Quality Hotel & Resort Fagerne"]
[Date "2013.03.24"]
[Round "7"]
[White "Haugli, Petter"]
[Black "Hansen, TorbjÃ¸rn Ringdal"]
[Result "1/2-1/2"]
[WhiteElo "2293"]
[BlackElo "2463"]
[PlyCount "105"]
[EventDate "2013.??.??"]

1. d4 Nf6 2. c4 e6 3. Nc3 Bb4 4. e3 b6 5. Nge2 c5 6. a3 Ba5 7. Bd2 Qe7 8. Nf4
Bb7 9. Be2 Bxc3 10. Bxc3 Ne4 11. Rc1 O-O 12. O-O d6 13. Be1 cxd4 14. exd4 Qg5
15. Nh3 Qh6 16. f3 Ng5 17. Nxg5 Qxg5 18. Qd2 Qxd2 19. Bxd2 Nc6 20. Bc3 e5 21.
d5 Ne7 22. f4 exf4 23. Rxf4 f5 24. Bd3 g6 25. Re1 Rae8 26. Rf2 Nc8 27. Rfe2
Rxe2 28. Rxe2 Kf7 29. Kf2 b5 30. b3 Nb6 31. Bb4 Rd8 32. Ke3 bxc4 33. bxc4 Ba6
34. Kd4 Rc8 35. Rc2 Rd8 36. Re2 Bc8 37. Ba5 Ba6 38. Bxb6 axb6 39. Rb2 Rb8 40.
a4 Rb7 41. Kc3 Kf6 42. Kd4 Kf7 43. Ra2 Ra7 44. Rb2 Rb7 45. g3 Kf6 46. Rf2 Ra7
47. Rb2 Rb7 48. h4 Kf7 49. h5 Kf6 50. hxg6 hxg6 51. Re2 Re7 52. Rb2 Rb7 53. Re2
1/2-1/2

[Event "Det Ã¥pne NM 2013 Gruppe A"]
[Site "Quality Hotel & Resort Fagerne"]
[Date "2013.03.24"]
[Round "7"]
[White "Galinsky, Timofey"]
[Black "Getz, Nicolai"]
[Result "1-0"]
[WhiteElo "2416"]
[BlackElo "2352"]
[PlyCount "119"]
[EventDate "2013.??.??"]

1. d4 d6 2. e4 g6 3. Be3 Nf6 4. Nc3 c6 5. h3 Bg7 6. Nf3 O-O 7. Qd2 b5 8. Bd3
Bb7 9. O-O Nbd7 10. e5 Ne8 11. Bh6 c5 12. Bxg7 Kxg7 13. Be4 Bxe4 14. Nxe4 cxd4
15. e6 fxe6 16. Nxd4 Nc7 17. f4 h6 18. Rae1 Nf6 19. g4 Qd7 20. g5 Nxe4 21.
gxh6+ Kh8 22. Rxe4 e5 23. Rfe1 Qxh3 24. fxe5 Qg3+ 25. Qg2 Qxg2+ 26. Kxg2 d5 27.
Rg4 Kh7 28. Re3 b4 29. Nc6 Rf7 30. Rxb4 Raf8 31. Rb7 d4 32. Nxd4 Nd5 33. Rf3
Rxf3 34. Nxf3 Ne3+ 35. Kf2 Nxc2 36. Rxe7+ Kxh6 37. Rd7 g5 38. Kg3 Ne3 39. e6
Re8 40. Nd4 Kg6 41. b3 a6 42. Kf3 Nf5 43. Nxf5 Kxf5 44. e7 Ke6 45. Ra7 Rxe7 46.
Rxa6+ Kf5 47. Ra5+ Kf6 48. b4 Rc7 49. a4 g4+ 50. Kg3 Rc3+ 51. Kh4 Rb3 52. Rb5
g3 53. Kh3 Ke6 54. a5 Kd6 55. a6 Ra3 56. Rb6+ Kd5 57. b5 Kc5 58. Rb7 Re3 59. a7
Ra3 60. b6 1-0

[Event "Det Ã¥pne NM 2013 Gruppe A"]
[Site "Quality Hotel & Resort Fagerne"]
[Date "2013.03.24"]
[Round "8"]
[White "Agdestein, Simen"]
[Black "Galinsky, Timofey"]
[Result "1-0"]
[WhiteElo "2555"]
[BlackElo "2416"]
[PlyCount "152"]
[EventDate "2013.??.??"]

1. c4 e6 2. d4 d5 3. Nf3 Nf6 4. g3 dxc4 5. Bg2 c5 6. O-O Nc6 7. Qa4 Bd7 8. Qxc4
cxd4 9. Nxd4 Rc8 10. Nc3 Nxd4 11. Qxd4 Bc5 12. Qh4 b5 13. Bg5 Be7 14. Rfd1 Rc4
15. Rd4 Rxd4 16. Qxd4 Qb6 17. Be3 Qxd4 18. Bxd4 a5 19. a4 bxa4 20. Nxa4 Bb4 21.
Bc5 Kd8 22. Bxb4 axb4 23. Nc5 Ke7 24. Nd3 Rb8 25. Ra7 Ke8 26. e3 Nd5 27. Ne5
Rd8 28. Rb7 f6 29. Bxd5 exd5 30. Nxd7 Rxd7 31. Rxb4 Kf7 32. g4 g5 33. Rd4 Rb7
34. b4 Ke6 35. Kg2 Ke5 36. h4 h6 37. Kg3 Rb8 38. Kg2 Rb7 39. Kh3 Rb8 40. Kg3
Rb7 41. f4+ gxf4+ 42. Rxf4 Ke6 43. Kf3 Rb8 44. Rd4 Ke5 45. Rf4 Ke6 46. Ke2 Ra8
47. Rd4 Rb8 48. e4 dxe4 49. Rxe4+ Kd5 50. Kf3 Rb5 51. Ke3 Kd6 52. Rf4 Ke6 53.
Kd3 Rb8 54. Kc4 Rc8+ 55. Kb3 Rb8 56. Kc4 Rc8+ 57. Kb5 Rg8 58. Kc6 Ke5 59. Rf5+
Ke6 60. b5 Rxg4 61. Rc5 Rxh4 62. b6 Rg4 63. b7 Rg8 64. Ra5 Rb8 65. Kc7 Rxb7+
66. Kxb7 f5 67. Kc6 h5 68. Kc5 Ke5 69. Kc4+ Ke4 70. Kc3 h4 71. Kd2 Kf3 72.
Rxf5+ Kg2 73. Rg5+ Kf2 74. Rh5 Kg3 75. Ke2 h3 76. Kf1 h2 1-0

[Event "Det Ã¥pne NM 2013 Gruppe A"]
[Site "Quality Hotel & Resort Fagerne"]
[Date "2013.03.24"]
[Round "8"]
[White "Rozentalis, Eduardas"]
[Black "Volkov, Sergey"]
[Result "1/2-1/2"]
[WhiteElo "2616"]
[BlackElo "2593"]
[PlyCount "45"]
[EventDate "2013.??.??"]

1. e4 e6 2. d4 d5 3. Nd2 Nf6 4. e5 Nfd7 5. Bd3 c5 6. c3 Nc6 7. Ne2 cxd4 8. cxd4
f6 9. exf6 Nxf6 10. Nf3 Bd6 11. O-O O-O 12. Bf4 Bxf4 13. Nxf4 Ne4 14. Qc1 Ng5
15. Nxg5 Qxg5 16. Ne2 Qf6 17. Qd2 Bd7 18. Bb5 Nb8 19. Bxd7 Nxd7 20. Rac1 Rac8
21. Rc3 Nb8 22. Rf3 Qe7 23. Rxf8+ 1/2-1/2

[Event "Det Ã¥pne NM 2013 Gruppe A"]
[Site "Quality Hotel & Resort Fagerne"]
[Date "2013.03.24"]
[Round "8"]
[White "Tari, Aryan"]
[Black "Elsness, Frode"]
[Result "1/2-1/2"]
[WhiteElo "2293"]
[BlackElo "2483"]
[PlyCount "56"]
[EventDate "2013.??.??"]

1. e4 e5 2. Nf3 Nc6 3. Bc4 Bc5 4. b4 Bxb4 5. c3 Be7 6. d4 Na5 7. Be2 d6 8. Qa4+
c6 9. dxe5 dxe5 10. Nxe5 Nf6 11. O-O Qc7 12. Nf3 O-O 13. Nbd2 Re8 14. Bb2 Bd6
15. Qc2 Bg4 16. h3 Bh5 17. c4 Nd7 18. Rfe1 c5 19. Nf1 Bg6 20. Rad1 Bf8 21. Bd3
Nc6 22. Ne3 Nb4 23. Qb1 Nb6 24. Nd2 Rad8 25. Bf1 Nc6 26. Bd3 Nb4 27. Bf1 Nc6
28. Bd3 Nb4 1/2-1/2